| 000 | 003450000a22001210004500 | ||
|---|---|---|---|
| 100 | 1 | _aJones, Peter | |
| 245 | 1 | 0 | _aGinebra: antes y ahora: post tenebras lux |
| 300 | _aVol.9, núm.1 ( , 2007), Páginas 10-12 | ||
| 500 | _aTraducción de Donald Herrera | ||
| 650 | 1 | 4 | _aIGLESIA-CULTURA-SIGLO VEINTIUNO |
| 773 | 0 | _tReforma Siglo 21 | |
| 942 | _cANA | ||
| 999 |
_c62627 _d62627 |
||